000 00480nam a2200169 4500
001 121451
003 ES-MaACL
005 20230906191743.0
007 t|
008 070214s1971 sp r ||||1| spa d
100 1 _aPorcel, Baltasar.
_993114
245 1 0 _aSolnegro
_b: novela /
_cBaltasar Porcel ; traducción de Nuria Clara.
260 _aBarcelona,
_c1971.
300 _a125 p. :
_bil. ;
_c19 cm.
700 1 _aClará, Nuria.
_938990
852 _aES-MaACL
_jC-46005
_bR.77614
999 _c121451
_d121451